Supporting early language development : SPIRALS for babies and toddlers /

Research shows that poor language and communication skills have a profound effect on the life chances of children and young people. This highly practical book will enable you to give children in your care the help they need to build their language skills at the earliest point in their development. B...

Full description

Bibliographic Details
Main Author: Nash, Marion
Other Authors: Lowe, Jackie, Leah, David
Format: Book
Language:English
Published: London ; New York : Routledge, 2013.
Subjects:

MARC

Tag First Indicator Second Indicator Subfields
LEADER 00000cam a2200000 a 4500
001 in00002782821
005 20150922150314.0
008 120320s2013 enka a 001 0 eng
010 |a  2012008208 
020 |a 9780415697569 (pbk.) 
020 |a 0415697565 (pbk.) 
020 |a 9780203138748 (e-book) 
020 |a 0203138740 (e-book) 
035 |a (OCoLC)ocn748335524 
040 |a DLC  |c DLC  |d UtOrBLW 
049 |a TXAM 
050 0 0 |a LB1139.L3  |b N295 2013 
082 0 0 |a 372.6  |2 23 
100 1 |a Nash, Marion. 
245 1 0 |a Supporting early language development :  |b SPIRALS for babies and toddlers /  |c Marion Nash with Jackie Lowe and David Leah. 
264 1 |a London ;  |a New York :  |b Routledge,  |c 2013. 
300 |a 125 pages :  |b illustrations ;  |c 30 cm. 
336 |a text  |b txt  |2 rdacontent 
337 |a unmediated  |b n  |2 rdamedia 
338 |a volume  |b nc  |2 rdacarrier 
500 |a Includes index. 
520 |a Research shows that poor language and communication skills have a profound effect on the life chances of children and young people. This highly practical book will enable you to give children in your care the help they need to build their language skills at the earliest point in their development. Based on the author's highly regarded SPIRALS language development programme, the book provides 40 tried and tested sessions to help develop children's early speech, language and communication. Each language concept is introduced one at a time and builds on the most frequently used words by infants and uses music, repetition and simple meaningful gestures and signing to reinforce children's understanding. Written by a leading authority in the field, this exciting new resource provides everything you need to support young children's language skills at the earliest point in their development. 
650 0 |a Children  |x Language. 
650 0 |a Language arts (Early childhood) 
700 1 |a Lowe, Jackie. 
700 1 |a Leah, David. 
945 |a PromptCat  |b 108308 
946 |a stk 
947 |a A14835931291 
948 |a cataloged  |b h  |c 2012/12/7  |d c  |e dmitchel  |f 12:50:40 pm 
994 |a 92  |b TXA 
999 |a MARS 
999 f f |s b618cf18-74ab-3baa-90ec-46b55a928ca3  |i 3dbe11d3-4b2e-31ce-846c-1d3cf66fc13b  |t 0 
952 f f |p normal  |a Texas A&M University  |b College Station  |c Sterling C. Evans Library  |d Evans: Library Stacks  |t 0  |e LB1139.L3 N295 2013  |h Library of Congress classification  |i unmediated -- volume  |m A14835931291 
998 f f |a LB1139.L3 N295 2013  |t 0  |l Evans: Library Stacks